| 000 | 00438nam a2200157 a 4500 | ||
|---|---|---|---|
| 001 | 6024 | ||
| 003 | CDMR | ||
| 005 | 20130730114140.0 | ||
| 008 | 130220s2008||||||||||||||||||||||||||||d | ||
| 020 | _a9788483305034 | ||
| 040 |
_aCDMR _bcat _cCPC LLEIDA |
||
| 100 | 1 |
_aRosselló, Josep Maria _93012 |
|
| 245 | 1 | 0 |
_aMIRÓ-ROYO La farinera de Tarragona, teler del món _cROSSELLÓ, Josep Maria |
| 260 |
_aBarcelona _bViena _c2008 |
||
| 942 |
_cMON _2udc |
||
| 999 |
_c6024 _d6024 |
||